Is the European community facing fresh financial crisis?
Ďalší rozvoj ES podľa rozhodnutí z Maastrichtu nie je možné realizovať bez podstatného zvýšenia rozpočtu ES a prispôsobenia systému financovania. Ratifikácia rozhodnutí z Maastrichtu a ich implementácia si budú vyžadovať konsenzus v dôsledkoch doplnkov dohody pre rozpočtovú politiku a inštitucionáln...
Uložené v:
| Hlavný autor: | |
|---|---|
| Médium: | Kapitola |
| Jazyk: | English |
| Predmet: | |
| Tagy: |
Žiadne tagy, Buďte prvý, kto otaguje tento záznam!
|
MARC
| LEADER | 00000naa a2200000 4500 | ||
|---|---|---|---|
| 001 | r009863 | ||
| 005 | 20221130112945.3 | ||
| 041 | 0 | |a eng | |
| 044 | |a DE | ||
| 245 | 1 | 0 | |a Is the European community facing fresh financial crisis? |c G. Stahl |
| 520 | |a Ďalší rozvoj ES podľa rozhodnutí z Maastrichtu nie je možné realizovať bez podstatného zvýšenia rozpočtu ES a prispôsobenia systému financovania. Ratifikácia rozhodnutí z Maastrichtu a ich implementácia si budú vyžadovať konsenzus v dôsledkoch doplnkov dohody pre rozpočtovú politiku a inštitucionálnu štruktúru ES, ako aj k otázke reformy poľnohospodárskej politiky. Tieto dôsledky sú predmetom druhého Delorsovho balíka, ktorý sa podrobne analyzuje. | ||
| 610 | 2 | 0 | |a financie |
| 610 | 2 | 0 | |a Európske spoločenstvá |
| 610 | 2 | 0 | |a kríza finančná |
| 610 | 2 | 0 | |a reformy hospodárske |
| 610 | 2 | 0 | |a integrácia ekonomická medzinárodná |
| 610 | 2 | 0 | |a západná Európa |
| 610 | 2 | 0 | |a poľnohospodárstvo |
| 100 | 1 | |a Stahl, G. | |